Open Data Biblioteca Nacional de Portugal


República Portuguesa: Ministério da Cultura
Biblioteca Nacional de Portugal

Catálogo da BNP: acesso por Identificadores Unívocos
Registos Bibliográficos associados ao registo de autoridade

Etiqueta de registo: 00254nam 2200025 450
001 2284276
003 http://id.bnportugal.gov.pt/bib/catbnp/2284276
100 ## $a20260414d2025 k y0pory01030103ba
101 0# $apor$deng
102 ## $aPT
105 ## $aa m 000yy
106 ## $ar
200 1# $aSegurança descentralizada e escalável para dispositivos de internet das coisas via segurança aplicada em Blockchain$fMunkenyi Shomari Mukhandi$gorient. António Jorge da Costa Granjal, João Paulo da Silva Machado Garcia Vilela
210 #9 $aCoimbra$c[s.n.],$d2025
215 ## $aXXVII, [1], 119 p.$cil.$d30 cm
328 #1 $aTese dout. Engenharia Informática, Faculdade de Ciências e Tecnologia da Universidade de Coimbra, 2025
700 #1 $aMukhandi,$bMunkenyi Shomari$31995569
702 #1 $aGranjal,$bAntónio Jorge da Costa$4727$31597574
702 #1 $aVilela,$bJoão Paulo$4727$31503808
801 #0 $aPT$bBN$gRPC
966 ## $lBN$mFGMON$x1
971 ## $cisantos$d20260414

OpendataBNP@bnportugal.pt | Mais informação sobre acesso aos dados BNP